00413 2200157 4500001002100000005001500021035002000036245006800056100001800124250000600142300001600148260004500164082001100209084001700220020001800237INLIS00000000000002820260406015925 a0010-04260000281 aCeria Ramadhan :bKisah Seru Di Bulan Ramadhan /cLeguty Family0 aLeguty Family a1 a243 :bIlus aTangerang Selatan :bLeguty Media,c2021 a898.23 a898.23 LEG c a9786239551094